000 00920nam a22001935i 4500
001 157148
003 ES-MaACL
005 20230906210609.0
008 020222s1878 sp |||| | spa d
040 _aCAM
_bspa
_cCAM
100 1 _aLarrea, José María de.
_9128705
245 1 4 _aLos dos inseparables
_b: juguete cómico en un acto /
_carreglado á la escena española por J.M. de Larrea.
250 _a4ª ed.
260 _aMadrid :
_b[s.n.],
_c1878 (
_fimprenta de José Rodriguez)
300 _a21 p. ;
_c20 cm.
500 _aEn port.: Representado en el Teatro de Variedades la noche del 24 de diciembre de 1853.
596 _aEn verso de port. consta: "... de la Galería Lírico-Dramática titulada El Teatro ..."
852 _aES-MaACL
_jF-8624(7)
_z-- Enc. pasta española.
_q-- Falto de la cub. original
_z.- Enc. en un vol. facticio formando parte de la col. facticia "Teatro español moderno", vol. 79
999 _c157148
_d157148